00485nam a2200145Ia 4500008004100000041000800041082001600049100001400065245004400079260002800123300003300151365001200184999001700196952012600213240624s9999 xx 000 0 und d aeng a658.421 BAK aBAKER TED aROUTLEDGE COMPANION TO ENTREPRENEURSHIP c2015aLondonbRoutledge axxiii, : 500 : p. : cm. ; 25 cGBPb30 c26735d26735 00104070aIMTNbIMTNcRack 29-Bd2016-02-23eRWg150.00o658.421 BAKp26735r2024-06-24 00:00:00t105.6w2024-06-24yBK